Elementos de pedagogía; didáctica especial /
Guardado en:
| Autor Principal: | |
|---|---|
| Formato: | Libro |
| Publicado: |
Buenos Aires :
Estrada,
1957
|
| Materias: | |
| Etiquetas: |
Agregar Etiqueta
Sin Etiquetas, Sea el primero en etiquetar este registro!
|
| LEADER | 00466nam a22001695a 4500 | ||
|---|---|---|---|
| 001 | CEM.cems001349 | ||
| 005 | 20060214000000.0 | ||
| 008 | 130507s1957##################000#0#####d | ||
| 003 | CEMS | ||
| 082 | 0 | 4 | |a 372 |
| 100 | 1 | |a Calzetti, Hugo | |
| 245 | 1 | 0 | |a Elementos de pedagogía; didáctica especial / |
| 260 | |a Buenos Aires : |b Estrada, |c 1957 | ||
| 300 | |a 622 | ||
| 653 | |a Didactica especial | ||
| 653 | |a Educacion | ||
| 859 | |a CEMS |b BIB. CEMS - 11 de abril |h 372 |i C125 |p 4374.75 |t Ej.1 | ||
